Diseño e implementación de un sistema de monitoreo de aguas tratadas

Presenta un sistema de monitoreo automático de las variables principales de las aguas tratadas. Así, mismo este sistema brindara un manejo más eficiente ante la falta de monitoreo a las aguas resultantes de los procesos de tratamiento de aguas residuales.

Bibliographic Details
Main Authors: Cuadra Ramírez, Sharon del Carmen, Cheng Lacayo, Luis Noel
Other Authors: Tutor: Arcia Salmerón, José Manuel
Format: Tesis Section = Libro
Language:Undetermined
Spanish
Published: Managua UNI 2020
Subjects:
LEADER 01097nam a2200277Ia 4500
008 240830s9999 xx 000 0 und d
040 |a BIBLIOTECA-RUSB/ Mon 625.734 C961 
041 |a spa 
082 |a Mon 625.734 C961 
100 1 |a Cuadra Ramírez, Sharon del Carmen 
100 1 |b Cheng Lacayo, Luis Noel 
245 1 0 |a Diseño e implementación de un sistema de monitoreo de aguas tratadas 
260 |a Managua  |b UNI  |c 2020 
300 |a 114 p. :il. 
500 |a Contiene: anexos y CD. 
502 |a Tesis (Ingeniero Electrónico) - UNI, 2020. 
520 3 |a Presenta un sistema de monitoreo automático de las variables principales de las aguas tratadas. Así, mismo este sistema brindara un manejo más eficiente ante la falta de monitoreo a las aguas resultantes de los procesos de tratamiento de aguas residuales. 
650 7 |a SISTEMA DE MONITOREO 
650 7 |b  AGUAS TRATADAS 
650 7 |c  RECURSOS NATURALES 
650 7 |d  BASES DE DATOS 
650 7 |e  APLICACION WEB 
700 1 |a Tutor:  |b Arcia Salmerón, José Manuel 
942 |c BK  |2 ddc 
991 |a TESIS 
999 |c 20387